[Event "European Blitz Championship 2021"]
[Site "Katowice"]
[Date "2021.12.17"]
[Round "5.28"]
[White "Kossobudzki, Robert"]
[Black "Gerasimenyk, Mikhail"]
[Result "0-1"]
[WhiteElo "1908"]
[BlackElo "2258"]
[Annotator "NA"]
[PlyCount "74"]
[EventDate "2021.12.17"]
[EventType "swiss"]
[EventCountry "POL"]
[SourceTitle "playchess.com"]
[Source "ChessBase"]
[SourceQuality "1"]

1. Nf3 d5 2. b4 Nf6 3. Bb2 c6 4. e3 Bg4 5. c4 e6 6. Qb3 Nbd7 7. d4 Bd6 8. Nbd2
O-O 9. Be2 Ne4 10. h3 Nxd2 11. Nxd2 Bxe2 12. Kxe2 Qg5 13. g4 b5 14. c5 Bc7 15.
f4 Qe7 16. g5 a5 17. a3 f6 18. h4 Qf7 19. Rag1 Kh8 20. h5 fxg5 21. Rxg5 Bd8 22.
Rg2 Bf6 23. Nf3 axb4 24. axb4 Ra4 25. Ng5 Bxg5 26. Rxg5 Nf6 27. Rhg1 Ne4 28.
Rxg7 Qxg7 29. Rxg7 Kxg7 30. Kf1 Rf5 31. Kg2 Rxh5 32. Qd1 Rh6 33. Kf3 Rg6 34.
Qh1 Ra2 35. f5 exf5 36. Kf4 Rxb2 37. Qh4 Rg4+ 0-1

[Event "European Blitz Championship 2021"]
[Site "Katowice"]
[Date "2021.12.17"]
[Round "5.29"]
[White "Sotsky, Alexander"]
[Black "Keinanen, Toivo"]
[Result "0-1"]
[WhiteElo "2087"]
[BlackElo "2358"]
[Annotator "NA"]
[PlyCount "67"]
[EventDate "2021.12.17"]
[EventType "swiss"]
[EventCountry "POL"]
[SourceTitle "playchess.com"]
[Source "ChessBase"]
[SourceQuality "1"]

1. d4 e6 2. c3 c5 3. e3 Nf6 4. f4 Be7 5. Nf3 O-O 6. Bd3 d5 7. Nbd2 b6 8. Qe2 a5
9. O-O Ba6 10. Bxa6 Nxa6 11. Ne5 Qc7 12. Rf3 a4 13. a3 Nb8 14. Rh3 Nc6 15. g4
Nxe5 16. fxe5 Nd7 17. Qd3 g6 18. e4 cxd4 19. cxd4 f6 20. exd5 fxe5 21. dxe6 Nf6
22. g5 Nd5 23. Ne4 Rad8 24. Bd2 exd4 25. Rf1 Qe5 26. Rf7 Rxf7 27. exf7+ Kg7 28.
Qf3 Qf5 29. Qxf5 gxf5 30. Ng3 Kxf7 31. Nxf5 Bc5 32. Kg2 Re8 33. Kf3 d3 34. Rh6
0-1

[Event "European Blitz Championship 2021"]
[Site "Katowice"]
[Date "2021.12.17"]
[Round "5.29"]
[White "Goraj, Barbara"]
[Black "Budrewicz, Krzysztof"]
[Result "1-0"]
[WhiteElo "1902"]
[BlackElo "2183"]
[Annotator "NA"]
[PlyCount "200"]
[EventDate "2021.12.17"]
[EventType "swiss"]
[EventCountry "POL"]
[SourceTitle "playchess.com"]
[Source "ChessBase"]
[SourceQuality "1"]

1. Nf3 Nf6 2. c4 g6 3. Nc3 Bg7 4. e4 O-O 5. d4 d6 6. h3 e5 7. d5 a5 8. Be3 Nh5
9. Qc2 Na6 10. g4 Nf4 11. Ne2 Nb4 12. Qc3 Nbd3+ 13. Kd2 f5 14. Ng3 fxg4 15.
hxg4 Bxg4 16. Nh2 Nxf2 17. Bxf2 Bd7 18. Nf3 h5 19. Ne2 Qf6 20. Bh4 Nxe2 21.
Bxe2 Bh6+ 22. Kc2 Qf4 23. Qd3 a4 24. Raf1 a3 25. b3 Qf7 26. Ng5 Qg7 27. Ne6
Bxe6 28. dxe6 Bf4 29. e7 Rfe8 30. Qd5+ Kh7 31. Qe6 b5 32. Bf6 Qg8 33. Qxg8+
Kxg8 34. cxb5 Kf7 35. Bg5 Ke6 36. Bc4+ Kd7 37. Bxf4 exf4 38. Rxf4 Rxe7 39. Rg1
Rae8 40. Kd3 Rg7 41. Bd5 Re5 42. Bc6+ Ke7 43. Kd4 g5 44. Rf5 Rxf5 45. exf5 Kf6
46. Be4 g4 47. Ke3 Kg5 48. Rf1 Rf7 49. Bd5 Rf6 50. Be6 h4 51. Kf2 Rf8 52. Kg2
Rf6 53. Rc1 Kf4 54. Rc4+ Kg5 55. Rxc7 h3+ 56. Kg3 Rh6 57. Rc2 d5 58. b6 Rh7 59.
Rd2 Rb7 60. Rxd5 Rxb6 61. Rd4 Rc6 62. Rxg4+ Kf6 63. Ra4 Rc3+ 64. Kh2 Rc2+ 65.
Kxh3 Rxa2 66. b4 Ra1 67. Kh2 Ke5 68. b5 Kd6 69. b6 Kc6 70. Rb4 a2 71. Ra4 Kxb6
72. Rxa2 Re1 73. Kg2 Kc5 74. Kf2 Rh1 75. Rd2 Rh3 76. Kg2 Rc3 77. Kf2 Rh3 78.
Re2 Kd6 79. Re3 Rh2+ 80. Kf3 Ke7 81. Ke4 Kf6 82. Rg3 Re2+ 83. Kf3 Rc2 84. Rg6+
Ke5 85. Rh6 Rb2 86. Rh1 Rc2 87. Rg1 Rc3+ 88. Kg4 Kf6 89. Rh1 Ra3 90. Rh6+ Ke5
91. Rh7 Ra1 92. Rh3 Rg1+ 93. Rg3 Re1 94. Kg5 Re2 95. Bc8 Re1 96. f6 Rf1 97.
Re3+ Kd6 98. Bg4 Rf2 99. Kg6 Rf4 100. Bf5 Kd5 1-0

[Event "European Blitz Championship 2021"]
[Site "Katowice"]
[Date "2021.12.17"]
[Round "5.30"]
[White "Czerw, Dawid"]
[Black "Kosakowski, Jakub"]
[Result "0-1"]
[WhiteElo "2075"]
[BlackElo "2340"]
[Annotator "NA"]
[PlyCount "54"]
[EventDate "2021.12.17"]
[EventType "swiss"]
[EventCountry "POL"]
[SourceTitle "playchess.com"]
[Source "ChessBase"]
[SourceQuality "1"]

1. d4 Nf6 2. c4 e6 3. g3 d5 4. Nf3 Bb4+ 5. Bd2 Be7 6. Bg2 O-O 7. O-O c6 8. Bf4
a5 9. Qc2 b6 10. Nbd2 Bb7 11. e4 Na6 12. a3 Rc8 13. Rac1 h6 14. Rfd1 c5 15.
cxd5 exd5 16. e5 Ne4 17. Nxe4 dxe4 18. dxc5 Qe8 19. Nd4 Nxc5 20. Qe2 Nd3 21.
Rxc8 Qxc8 22. Bxe4 Nxf4 23. gxf4 Bxe4 24. f3 Bb7 25. f5 Bc5 26. f6 Rd8 27. Qg2
g6 0-1

[Event "European Blitz Championship 2021"]
[Site "Katowice"]
[Date "2021.12.17"]
[Round "5.30"]
[White "Czarnecka, Lidia"]
[Black "Kos, Pawel"]
[Result "0-1"]
[WhiteElo "1904"]
[BlackElo "2234"]
[Annotator "NA"]
[PlyCount "76"]
[EventDate "2021.12.17"]
[EventType "swiss"]
[EventCountry "POL"]
[SourceTitle "playchess.com"]
[Source "ChessBase"]
[SourceQuality "1"]

1. e4 e5 2. Nf3 Nc6 3. d4 exd4 4. Nxd4 g6 5. Be3 Bg7 6. Nc3 Nge7 7. Bc4 O-O 8.
O-O a6 9. a4 d6 10. Qd2 Ne5 11. Be2 d5 12. f4 Nc4 13. Bxc4 dxc4 14. Rad1 Bg4
15. Rde1 c5 16. Nf3 Qxd2 17. Nxd2 b5 18. axb5 axb5 19. Bxc5 Rfe8 20. e5 Rab8
21. Nce4 Nd5 22. Nd6 Red8 23. N2e4 Bf8 24. h3 Bf5 25. Nxf5 gxf5 26. Bxf8 fxe4
27. Bd6 Ra8 28. Rxe4 Ra2 29. Rd4 Nb4 30. c3 Nd3 31. Ba3 Rxd4 32. cxd4 Nxb2 33.
Bb4 Nd3 34. Be7 c3 35. d5 c2 36. d6 Ra7 37. f5 c1=Q 38. Rxc1 Nxc1 0-1

[Event "European Blitz Championship 2021"]
[Site "Katowice"]
[Date "2021.12.17"]
[Round "6.1"]
[White "Brodowski, Piotr"]
[Black "Przybylski, Bartosz"]
[Result "1-0"]
[WhiteElo "2335"]
[BlackElo "2068"]
[Annotator "ChessBase"]
[PlyCount "75"]
[EventDate "2021.12.17"]
[EventType "swiss"]
[EventCountry "POL"]
[SourceTitle "playchess.com"]
[Source "ChessBase"]
[SourceQuality "1"]

1. c4 Nf6 2. Nc3 c5 3. g3 e5 4. Bg2 Nc6 5. e3 d6 6. Nge2 Be6 7. Nd5 Be7 8. Nec3
O-O 9. d3 Qd7 10. h3 h6 11. Qe2 Rab8 12. f4 Nh7 13. Qf2 f5 14. O-O Rbe8 15. Bd2
Bd8 16. Rae1 Kh8 17. Kh2 Ne7 18. a3 Nxd5 19. Nxd5 Nf6 20. Bc3 Nxd5 21. cxd5 Bg8
22. e4 exf4 23. gxf4 Bh7 24. e5 dxe5 25. fxe5 f4 26. Be4 Qf7 27. Rg1 Bg5 28. e6
Qh5 29. Qf3 Qxf3 30. Bxf3 Bxd3 31. d6 Bf5 32. e7 Rf7 33. Bd5 Rf6 34. Rxg5 hxg5
35. Bxf6 gxf6 36. Bf7 Bd7 37. Bxe8 Bxe8 38. d7 1-0

[Event "European Blitz Championship 2021"]
[Site "Katowice"]
[Date "2021.12.17"]
[Round "6.1"]
[White "Walter, Szymon"]
[Black "Duda, Jan-Krzysztof"]
[Result "1/2-1/2"]
[WhiteElo "2277"]
[BlackElo "2756"]
[Annotator "TA"]
[PlyCount "43"]
[EventDate "2021.12.17"]
[EventType "swiss"]
[EventCountry "POL"]
[SourceTitle "playchess.com"]
[Source "ChessBase"]
[SourceQuality "1"]

1. e4 c5 2. Nc3 g6 3. f4 Bg7 4. Nf3 Nc6 5. Bb5 Nd4 6. O-O Nxb5 7. Nxb5 a6 8.
Nc3 b5 9. d3 Bb7 10. f5 d6 11. Ne2 gxf5 12. exf5 Nf6 13. Ng3 Qd7 14. Qe2 h5 15.
Bg5 Nh7 16. Nxh5 Bxb2 17. Rae1 Nxg5 18. Nxg5 Bd4+ 19. Kh1 b4 20. f6 e5 21. Ne4
O-O-O 22. Nhg3 1/2-1/2

[Event "European Blitz Championship 2021"]
[Site "Katowice"]
[Date "2021.12.17"]
[Round "6.2"]
[White "Balog, Imre"]
[Black "Janaszak, Dawid"]
[Result "1-0"]
[WhiteElo "2573"]
[BlackElo "2328"]
[Annotator "RC"]
[PlyCount "121"]
[EventDate "2021.12.17"]
[EventType "swiss"]
[EventCountry "POL"]
[SourceTitle "playchess.com"]
[Source "ChessBase"]
[SourceQuality "1"]

1. d4 Nf6 2. Bg5 d5 3. Nf3 Ne4 4. Bh4 Nd7 5. Nbd2 Ndf6 6. e3 Bf5 7. c4 e6 8.
Qb3 Qc8 9. Rc1 c6 10. Be2 Bd6 11. O-O O-O 12. Rfd1 a6 13. Nf1 h6 14. Ng3 Nxg3
15. Bxg3 Bxg3 16. hxg3 Ne4 17. Ne5 f6 18. Nd3 Rf7 19. Bf3 Rb8 20. Nf4 Qd7 21.
Bh5 Re7 22. Be2 Nd6 23. cxd5 exd5 24. Bxa6 Rbe8 25. Bd3 g5 26. Ne2 Be4 27. Nc3
Bxd3 28. Rxd3 f5 29. Rdd1 f4 30. exf4 gxf4 31. gxf4 Qg4 32. Qc2 Qxf4 33. Qd2
Qg4 34. Re1 Nf5 35. Rxe7 Rxe7 36. Qd1 Qxd4 37. Qf3 Rf7 38. Re1 Qf6 39. Ne2 Nh4
40. Qxf6 Rxf6 41. Kf1 Nf5 42. Nf4 Nd4 43. Nd3 Kg7 44. f3 Nf5 45. Kf2 Nd6 46. b3
Nb5 47. a4 Nd4 48. b4 Re6 49. Rxe6 Nxe6 50. Ke3 Kf6 51. g4 Nc7 52. Nc5 Na6 53.
Nd3 b6 54. Kd4 Ke6 55. f4 Kd6 56. Ke3 c5 57. b5 Nc7 58. Ne5 d4+ 59. Ke4 Nd5 60.
Nc4+ Ke6 61. f5+ 1-0

[Event "European Blitz Championship 2021"]
[Site "Katowice"]
[Date "2021.12.17"]
[Round "6.2"]
[White "Praczukowski, Stanislaw"]
[Black "Ortega Ruiz, Jose Miguel"]
[Result "1/2-1/2"]
[WhiteElo "2069"]
[BlackElo "2317"]
[Annotator "ChessBase"]
[PlyCount "208"]
[EventDate "2021.12.17"]
[EventType "swiss"]
[EventCountry "POL"]
[SourceTitle "playchess.com"]
[Source "ChessBase"]
[SourceQuality "1"]

1. e4 d5 2. exd5 Qxd5 3. Nc3 Qa5 4. d4 Nf6 5. Nf3 Bg4 6. h3 Bh5 7. g4 Bg6 8.
Ne5 e6 9. h4 Bb4 10. Bd2 Bxc3 11. Bxc3 Qd5 12. Rh3 h5 13. Nxg6 fxg6 14. g5 Ng8
15. Bd3 Ne7 16. Qe2 Nbc6 17. Be4 Qd7 18. O-O-O O-O-O 19. Re3 Nd5 20. Rf3 Nce7
21. Rf7 Qe8 22. Bxd5 Nxd5 23. Rf3 Rd6 24. Qe4 Rc6 25. Re1 Ne7 26. Rfe3 Nf5 27.
R3e2 Qd7 28. Qf4 Qd5 29. Kb1 Rd8 30. Qe5 Qxe5 31. Rxe5 Kd7 32. R5e4 Rf8 33. Bb4
Rf7 34. c3 b6 35. Kc2 a5 36. Ba3 b5 37. Bc5 Nd6 38. Bxd6 Rxf2+ 39. Kb3 Rxd6 40.
d5 Rxd5 41. Rxe6 Rdd2 42. Re7+ Kc6 43. Rb1 Kb6 44. Rxg7 Rd6 45. Re1 a4+ 46. Ka3
c5 47. Re8 Rf4 48. Reg8 b4+ 49. Kxa4 bxc3+ 50. Kb3 cxb2 51. Kxb2 Rxh4 52. Rxg6
Rxg6 53. Rxg6+ Kb5 54. Rg8 Rg4 55. g6 Kc4 56. g7 Rg2+ 57. Kc1 h4 58. Rh8 Rxg7
59. Rxh4+ Kc3 60. Rh3+ Kb4 61. Rh4+ c4 62. Rh3 Rg2 63. Kb1 Rf2 64. Rg3 Rd2 65.
Rh3 Rd1+ 66. Kc2 Rg1 67. Kb2 Rg2+ 68. Kb1 Rg4 69. Rf3 Kc5 70. Rh3 Kd4 71. a4
Kc5 72. a5 Kb4 73. a6 Rg7 74. Kc2 Ra7 75. Rh6 Rg7 76. Rh3 Rg2+ 77. Kc1 Ra2 78.
Rh6 Kb3 79. Kb1 Ra5 80. Rb6+ Kc3 81. Rc6 Rh5 82. a7 Rb5+ 83. Kc1 Ra5 84. Kb1
Rxa7 85. Rh6 Kb3 86. Rb6+ Kc3 87. Rh6 Rd7 88. Rc6 Rd1+ 89. Ka2 Rd2+ 90. Kb1
Rb2+ 91. Kc1 Ra2 92. Kb1 Ra5 93. Rc8 Rh5 94. Rc7 Rh1+ 95. Ka2 Kd3 96. Rd7+ Kc2
97. Rg7 Rh2 98. Ka3 c3 99. Ka2 Kc1+ 100. Kb3 c2 101. Ka2 Kd2 102. Rd7+ Ke1 103.
Re7+ Kd1 104. Rd7+ Rd2 1/2-1/2

[Event "European Blitz Championship 2021"]
[Site "Katowice"]
[Date "2021.12.17"]
[Round "6.3"]
[White "Sumets, Andrey"]
[Black "Lewtak, Damian"]
[Result "1-0"]
[WhiteElo "2527"]
[BlackElo "2203"]
[Annotator "RC"]
[PlyCount "62"]
[EventDate "2021.12.17"]
[EventType "swiss"]
[EventCountry "POL"]
[SourceTitle "playchess.com"]
[Source "ChessBase"]
[SourceQuality "1"]

1. d4 g6 2. Nf3 Bg7 3. c4 d6 4. Nc3 e5 5. e4 Nc6 6. d5 Nd4 7. Nxd4 exd4 8. Nb5
c5 9. dxc6 bxc6 10. Nxd4 Qb6 11. Nb3 a5 12. Qxd6 Nf6 13. Be3 Qb7 14. O-O-O Bg4
15. Qe5+ Be6 16. Nc5 Qe7 17. Nxe6 fxe6 18. Bc5 Ng4 19. Bxe7 Bxe5 20. Bc5 Rb8
21. b3 a4 22. f3 axb3 23. axb3 Bf4+ 24. Kc2 Ne3+ 25. Bxe3 Bxe3 26. Rd6 Ke7 27.
Rxc6 Rhd8 28. Bd3 Ra8 29. Rc7+ Kf6 30. f4 Bxf4 31. Rf1 Ke5 1-0

[Event "European Blitz Championship 2021"]
[Site "Katowice"]
[Date "2021.12.17"]
[Round "6.3"]
[White "Szmyd, Arkadiusz"]
[Black "Szpar, Milosz"]
[Result "0-1"]
[WhiteElo "2062"]
[BlackElo "2285"]
[Annotator "ChessBase"]
[PlyCount "56"]
[EventDate "2021.12.17"]
[EventType "swiss"]
[EventCountry "POL"]
[SourceTitle "playchess.com"]
[Source "ChessBase"]
[SourceQuality "1"]

1. e4 c5 2. Nf3 d6 3. d4 cxd4 4. Nxd4 Nf6 5. Nc3 Nc6 6. Bg5 e6 7. Qd2 a6 8.
O-O-O Bd7 9. f4 Be7 10. Be2 b5 11. Bf3 Rc8 12. Nxc6 Bxc6 13. Kb1 b4 14. Bxf6
Bxf6 15. Ne2 Qb6 16. g4 Ba4 17. b3 Bc6 18. g5 Be7 19. h4 a5 20. Nd4 Bd7 21. f5
Qc5 22. Bh5 g6 23. Bg4 e5 24. Nf3 Qc3 25. Qxc3 Rxc3 26. Rd3 h6 27. Rxc3 bxc3
28. Rh3 h5 0-1

[Event "European Blitz Championship 2021"]
[Site "Katowice"]
[Date "2021.12.17"]
[Round "6.4"]
[White "Grabarczyk, Miroslaw"]
[Black "Grzadka, Marcin"]
[Result "1-0"]
[WhiteElo "2279"]
[BlackElo "2057"]
[Annotator "ChessBase"]
[PlyCount "86"]
[EventDate "2021.12.17"]
[EventType "swiss"]
[EventCountry "POL"]
[SourceTitle "playchess.com"]
[Source "ChessBase"]
[SourceQuality "1"]

1. d4 Nf6 2. c4 e6 3. g3 d5 4. Bg2 Be7 5. Nf3 b6 6. cxd5 exd5 7. O-O O-O 8. Nc3
Bb7 9. Ne5 Ne4 10. Nxe4 dxe4 11. Be3 f6 12. Nd3 g5 13. Rc1 Kg7 14. a3 Na6 15.
Nb4 Nxb4 16. axb4 Bxb4 17. Qc2 Bd6 18. Bxe4 Bxe4 19. Qxe4 Qe8 20. Qd3 Qg6 21.
Rfd1 f5 22. d5 h5 23. Bd4+ Kh6 24. Rc6 Rae8 25. Bc3 a5 26. b4 axb4 27. Bxb4 Rf6
28. Bxd6 Rxd6 29. Rxd6 cxd6 30. Rc1 h4 31. Rc6 hxg3 32. hxg3 Rd8 33. Rxb6 Qh5
34. Qxf5 Qxe2 35. Qf6+ Kh5 36. Qxd8 Qe1+ 37. Kg2 Qe4+ 38. Kh2 Qf3 39. Qh8+ Kg4
40. Qc8+ Kh5 41. Qh3+ Kg6 42. Qg2 Qd1 43. Qf1 Kh5 1-0

[Event "European Blitz Championship 2021"]
[Site "Katowice"]
[Date "2021.12.17"]
[Round "6.4"]
[White "Zakrzewski, Marek"]
[Black "Durarbayli, Vasif"]
[Result "0-1"]
[WhiteElo "2279"]
[BlackElo "2629"]
[Annotator "RC"]
[PlyCount "70"]
[EventDate "2021.12.17"]
[EventType "swiss"]
[EventCountry "POL"]
[SourceTitle "playchess.com"]
[Source "ChessBase"]
[SourceQuality "1"]

1. e4 c5 2. Nf3 d6 3. Bb5+ Bd7 4. Bxd7+ Qxd7 5. c4 g6 6. Nc3 Bg7 7. d4 cxd4 8.
Nxd4 Nf6 9. f3 O-O 10. Be3 Nc6 11. O-O a6 12. Rc1 e6 13. Qd2 Rfe8 14. Rfd1 Rad8
15. b3 Ne5 16. Na4 Qe7 17. Ne2 b5 18. cxb5 axb5 19. Nac3 d5 20. exd5 b4 21. d6
bxc3 22. dxe7 Rxd2 23. Bxd2 cxd2 24. Rxd2 Nd5 25. f4 Nd7 26. g3 Bf6 27. Rdc2
N7b6 28. a4 Nxe7 29. a5 Nbd5 30. Ra2 Ra8 31. Rc4 Nc8 32. b4 Nd6 33. Rc6 Nxb4
34. Rxd6 Nxa2 35. a6 Nb4 0-1

[Event "European Blitz Championship 2021"]
[Site "Katowice"]
[Date "2021.12.17"]
[Round "6.5"]
[White "Motylev, Alexander"]
[Black "Niedbala, Bartlomiej"]
[Result "0-1"]
[WhiteElo "2633"]
[BlackElo "2179"]
[Annotator "RC"]
[PlyCount "146"]
[EventDate "2021.12.17"]
[EventType "swiss"]
[EventCountry "POL"]
[SourceTitle "playchess.com"]
[Source "ChessBase"]
[SourceQuality "1"]

1. Nf3 d5 2. g3 Nd7 3. d4 Nb6 4. Bg2 Bf5 5. O-O e6 6. Nh4 Bg4 7. Nd2 Be7 8.
Nhf3 Nf6 9. h3 Bh5 10. Ne5 Nfd7 11. Nd3 O-O 12. Nf4 Bg6 13. Nxg6 hxg6 14. e4 c6
15. c3 Re8 16. Re1 Rc8 17. e5 c5 18. Nf3 Nb8 19. a3 cxd4 20. cxd4 Nc6 21. h4
Nd7 22. Bf1 Qb6 23. b4 a6 24. Kg2 Na7 25. Bd3 Nb5 26. Be3 Nc3 27. Qb3 Ne4 28.
Rac1 Nb8 29. Bxe4 dxe4 30. Nd2 Rxc1 31. Rxc1 Qd8 32. Nxe4 Nc6 33. Qc4 Qd7 34.
Qa2 Rd8 35. f3 Bf8 36. Bf2 Ne7 37. Nc5 Qb5 38. a4 Qb6 39. Qc4 Nd5 40. Rb1 Qa7
41. b5 axb5 42. Rxb5 Rc8 43. Qb3 b6 44. Ne4 Be7 45. Qb1 Qxa4 46. Rb2 Qc4 47.
Ra2 Qc7 48. Qb3 Qc1 49. Qd3 Qc6 50. Rb2 Bf8 51. Rb1 Ra8 52. Qd2 Qd7 53. Qb2 Rc8
54. Rc1 Rxc1 55. Qxc1 Qb7 56. Be1 b5 57. Nd6 Qd7 58. Qc5 Ne3+ 59. Kf2 Nf5 60.
Bb4 Ne7 61. Qb6 Nd5 62. Qc5 Qd8 63. Bd2 Qb8 64. Qc6 b4 65. Qc8 Qxc8 66. Nxc8 b3
67. Bc1 Bb4 68. Ke2 Bc3 69. Kd3 b2 70. Bxb2 Bxb2 71. Nd6 Ba3 72. Nb5 Bb4 73.
Na7 Be1 0-1

[Event "European Blitz Championship 2021"]
[Site "Katowice"]
[Date "2021.12.17"]
[Round "6.5"]
[White "Ustianovich, Nazar"]
[Black "Woloch, Oskar"]
[Result "0-1"]
[WhiteElo "2278"]
[BlackElo "2053"]
[Annotator "ChessBase"]
[PlyCount "166"]
[EventDate "2021.12.17"]
[EventType "swiss"]
[EventCountry "POL"]
[SourceTitle "playchess.com"]
[Source "ChessBase"]
[SourceQuality "1"]

1. d4 c5 2. d5 e5 3. Nc3 d6 4. e4 g6 5. h4 h6 6. h5 g5 7. Bb5+ Nd7 8. a4 Bg7 9.
Nge2 Ne7 10. Ng3 O-O 11. O-O f5 12. exf5 Nxf5 13. Nxf5 Rxf5 14. Bd3 Rf8 15. Ne4
Nf6 16. a5 Kh8 17. Nxf6 Qxf6 18. Qe2 Bd7 19. Qe4 Bf5 20. Qxf5 Qxf5 21. Bxf5
Rxf5 22. Ra4 Rb8 23. f3 Rf7 24. Be3 Bf6 25. b4 b5 26. axb6 axb6 27. b5 Kg8 28.
Kf2 Kf8 29. Ke2 Bd8 30. Rfa1 Kg7 31. Ra7 Bc7 32. R1a4 Re7 33. Kd3 Rbe8 34. Ke4
Kf6 35. Ra8 Bb8 36. R8a6 Bc7 37. Ra7 Rb8 38. Ra8 Ree8 39. Rxb8 Rxb8 40. Ra7 Rc8
41. Bd2 Kg7 42. c4 Kf6 43. Bc3 Ke7 44. Bd2 Kd7 45. Ra2 Rf8 46. Ra7 Rf7 47. Ra8
Bd8 48. Be3 Rf6 49. Ra7+ Bc7 50. Ra8 Bd8 51. g3 Rf7 52. Ra6 Bc7 53. Ra2 Bd8 54.
Ra1 Bc7 55. f4 exf4 56. gxf4 Re7+ 57. Kd3 gxf4 58. Bxf4 Rf7 59. Ke4 Bd8 60.
Ra7+ Bc7 61. Ra8 Bd8 62. Bxh6 Rh7 63. Bf4 Rxh5 64. Bxd6 Rh4+ 65. Kd3 Rd4+ 66.
Kc3 Bf6 67. Bb8 Rxd5+ 68. Kb3 Rd3+ 69. Ka2 Rc3 70. Ra4 Rc2+ 71. Kb1 Rb2+ 72.
Kc1 Rb3 73. Kc2 Rc3+ 74. Kd2 Bd4 75. Bf4 Ke6 76. Ra6 Rxc4 77. Rxb6+ Kd5 78. Rb8
Rb4 79. b6 Kc6 80. Bc7 c4 81. Rc8 Kb7 82. Rd8 Bxb6 83. Bxb6 Kxb6 0-1

[Event "European Blitz Championship 2021"]
[Site "Katowice"]
[Date "2021.12.17"]
[Round "6.6"]
[White "Bauer, Thomas"]
[Black "Stefansson, Hannes"]
[Result "1-0"]
[WhiteElo "2204"]
[BlackElo "2519"]
[Annotator "RC"]
[PlyCount "72"]
[EventDate "2021.12.17"]
[EventType "swiss"]
[EventCountry "POL"]
[SourceTitle "playchess.com"]
[Source "ChessBase"]
[SourceQuality "1"]

1. e4 c5 2. Nf3 e6 3. g3 Nc6 4. Bg2 e5 5. Na3 d6 6. Nc4 g6 7. O-O Bg7 8. c3 Be6
9. Qe2 h6 10. Rd1 Nge7 11. d4 cxd4 12. cxd4 exd4 13. Bf4 O-O 14. Nxd6 g5 15.
Nxb7 Qb6 16. Nd6 gxf4 17. gxf4 d3 18. Rxd3 Qxb2 19. Qxb2 Bxb2 20. Rb1 Rab8 21.
a3 Rfd8 22. e5 Bf5 23. Nxf5 Rxd3 24. Nxh6+ Kf8 25. Ng5 Nd4 26. Nhxf7 Ne2+ 27.
Kh1 Nxf4 28. Be4 Rxa3 29. Rg1 Ra1 30. Bb1 Bc3 31. Nd6 Neg6 32. Nh7+ Kg7 33. Nf6
Rbxb1 34. Nf5+ Kf8 35. Nh7+ Ke8 36. Nd6+ Kd7 1-0

[Event "European Blitz Championship 2021"]
[Site "Katowice"]
[Date "2021.12.17"]
[Round "6.6"]
[White "Zima, Teofil"]
[Black "Kozak, Antoni"]
[Result "0-1"]
[WhiteElo "2020"]
[BlackElo "2272"]
[Annotator "ChessBase"]
[PlyCount "82"]
[EventDate "2021.12.17"]
[EventType "swiss"]
[EventCountry "POL"]
[SourceTitle "playchess.com"]
[Source "ChessBase"]
[SourceQuality "1"]

1. e4 c6 2. Nc3 d5 3. Nf3 a6 4. d4 Bg4 5. h3 Bxf3 6. Qxf3 e6 7. a3 Nf6 8. e5
Nfd7 9. Ne2 c5 10. c3 Nc6 11. b4 cxd4 12. cxd4 Qb6 13. Qd3 Rc8 14. g3 Bxb4+ 15.
axb4 Nxb4 16. Qb1 Nc2+ 17. Kd1 Nxa1 18. Qxa1 Qb3+ 19. Ke1 O-O 20. Nf4 Qc2 21.
Be3 Nb6 22. Bd3 Qc3+ 23. Qxc3 Rxc3 24. Kd2 Rb3 25. Rc1 a5 26. Rc7 a4 27. Kc2
Rc8 28. Rxc8+ Nxc8 29. Bc1 Nb6 30. Ne2 Nc4 31. Nc3 Rb4 32. Bxc4 dxc4 33. d5
exd5 34. Nxd5 Rb3 35. Nc3 b5 36. f4 b4 37. Nxa4 Rxg3 38. f5 Kf8 39. Bd2 c3 40.
Be1 Re3 41. Bf2 Re2+ 0-1

[Event "European Blitz Championship 2021"]
[Site "Katowice"]
[Date "2021.12.17"]
[Round "6.7"]
[White "Demchenko, Anton"]
[Black "Paszewski, Mateusz"]
[Result "0-1"]
[WhiteElo "2655"]
[BlackElo "2177"]
[Annotator "RC"]
[PlyCount "91"]
[EventDate "2021.12.17"]
[EventType "swiss"]
[EventCountry "POL"]
[SourceTitle "playchess.com"]
[Source "ChessBase"]
[SourceQuality "1"]

1. e4 c6 2. d4 d5 3. Nc3 dxe4 4. Nxe4 Nf6 5. Nxf6+ exf6 6. Nf3 Bd6 7. Bd3 O-O
8. O-O Bg4 9. h3 Bh5 10. Bf5 Re8 11. Qd3 Bg6 12. Nh4 Nd7 13. Rd1 Nf8 14. Qf3
Ne6 15. Nxg6 hxg6 16. Bxe6 Rxe6 17. Be3 Bc7 18. d5 cxd5 19. Rxd5 Qe7 20. Rad1
Qb4 21. Rd7 Bb6 22. Bxb6 axb6 23. Qb3 Qxb3 24. axb3 Ra2 25. Rb1 Re2 26. Rc7 f5
27. Kf1 Rd2 28. Ke1 Rd6 29. Rxb7 g5 30. Re7 g6 31. Re2 Rc6 32. c3 Kg7 33. b4
Rd6 34. Rd1 Rxd1+ 35. Kxd1 Ra1+ 36. Kc2 f4 37. f3 Rg1 38. c4 f5 39. c5 bxc5 40.
bxc5 Kf6 41. b4 g4 42. hxg4 fxg4 43. fxg4 Kg5 44. c6 Ra1 45. b5 Ra5 46. c7 0-1

[Event "European Blitz Championship 2021"]
[Site "Katowice"]
[Date "2021.12.17"]
[Round "6.7"]
[White "Kulon, Klaudia"]
[Black "Mirski, Michal"]
[Result "1-0"]
[WhiteElo "2265"]
[BlackElo "2039"]
[Annotator "ChessBase"]
[PlyCount "67"]
[EventDate "2021.12.17"]
[EventType "swiss"]
[EventCountry "POL"]
[SourceTitle "playchess.com"]
[Source "ChessBase"]
[SourceQuality "1"]

1. c4 e5 2. g3 Nc6 3. Bg2 g6 4. Nc3 Bg7 5. e3 Nge7 6. Nge2 O-O 7. O-O d6 8. h3
Be6 9. Nd5 Qd7 10. Kh2 f5 11. d3 h6 12. Rb1 g5 13. f4 Ng6 14. b4 Kh7 15. b5 Nd8
16. a4 c6 17. bxc6 bxc6 18. Nb4 d5 19. cxd5 cxd5 20. fxg5 hxg5 21. e4 dxe4 22.
Bxg5 Nf7 23. Be3 exd3 24. Nxd3 e4 25. Nc5 Qxd1 26. Rfxd1 Bc4 27. Nf4 Nfe5 28.
Nfe6 Rf7 29. Ng5+ Kg8 30. Nxf7 Kxf7 31. Rb7+ Kg8 32. Nd7 Nd3 33. Rdb1 a5 34.
Nb6 1-0

[Event "European Blitz Championship 2021"]
[Site "Katowice"]
[Date "2021.12.17"]
[Round "6.8"]
[White "Bjerre, Jonas"]
[Black "Laurusas, Tomas"]
[Result "1-0"]
[WhiteElo "2201"]
[BlackElo "2553"]
[Annotator "RC"]
[PlyCount "101"]
[EventDate "2021.12.17"]
[EventType "swiss"]
[EventCountry "POL"]
[SourceTitle "playchess.com"]
[Source "ChessBase"]
[SourceQuality "1"]

1. e4 c5 2. Nf3 e6 3. d4 cxd4 4. Nxd4 a6 5. Bd3 Ne7 6. O-O Nec6 7. Nb3 b5 8. a4
b4 9. N1d2 Be7 10. a5 d6 11. Nc4 Nd7 12. Bf4 Nce5 13. Nbd2 Bb7 14. Ra4 Nxd3 15.
cxd3 e5 16. Be3 d5 17. exd5 Bxd5 18. Nb6 Nxb6 19. axb6 Bc6 20. Ra5 Bb5 21. Nc4
e4 22. Qg4 exd3 23. Qxg7 Bf6 24. Qg4 Qd5 25. Nd2 h5 26. Qf4 Rg8 27. Qe4+ Qxe4
28. Nxe4 Bxb2 29. Bf4 Kd7 30. b7 Rae8 31. Nd6 Be5 32. Nxe8 Rxe8 33. Bxe5 d2 34.
b8=Q Rxb8 35. Bxb8 Bxf1 36. Rd5+ Kc6 37. Rxd2 Bc4 38. Be5 a5 39. f3 a4 40. h4
a3 41. g4 hxg4 42. fxg4 Be6 43. g5 Kb5 44. h5 Bf5 45. Kf2 Kc4 46. Ke3 b3 47.
Kf4 Bh7 48. Ba1 Kc5 49. Ke5 Kc4 50. Kf6 Bg8 51. Kg7 1-0